PREČO VIAC zeleniny a ovocia?

Bibliographic Details
Main Author: Blažek, Zdenek (Author)
Format: Article
Language:Slovak

MARC

LEADER 00000nab a2200000 a 4500
001 vtls011730180
003 SK-MaSNL
005 20260303112445.0
008 230121|1967 xo |||||||||||||||||slo
015 |a SNBRB 
035 |a (urnnbn)urn:nbn:sk:snk:ar-a05wgu 
035 |a urn:nbn:sk:snk-abf85g 
035 |a (uuid)b8e03cf4-03ed-4f89-a6da-7d87d52aca50 
040 |a SNKBUCL  |b slo  |c SNKBUCL  |e AACR2 
041 0 |a slo 
044 |a xo  |c SK 
100 1 |a Blažek, Zdenek  |4 aut  |9 300529 
245 1 0 |a PREČO VIAC zeleniny a ovocia?  |c Zdenek Blažek 
773 0 |t Výživa a zdravie : časopis pre výživu a zdravý životný štýl  |g Roč. 12, č. 7 (1967), s. 147-148 
954 |a odborná, vedecká literatúra pôvodná (slovenská)  |2 lita 
958 |a OND 
958 |a EUIPO 
958 |a article24 
999 |c 1884621  |d 1886551